000 00604nam a22001697a 4500
005 20251108170829.0
008 250721s1999 xx 000 0 ara d
082 1 4 _a370.15/عدس
100 1 _aعدس، محمد عبد الرحيم
245 1 0 _aتدني الإنجاز المدرسي :
_bأسبابه و علاجه /
264 1 _aعمان :
_bدار الفكر للطباعة و النشر و التوزيع،
_c1999.
300 _a323ص
650 1 7 _aعلم النفس التربوي
650 1 7 _aالإختبارات و القياسات التربوية
942 _2ddc
_cBK
999 _c50008
_d50008